Statistics for Numbers in Spanish Quiz

Click here to take the quiz!

General Stats

  • This quiz has been taken 46,433 times
    (45,826 since last reset)
  • The average score is 26 of 44

Answer Stats

#Español% Correct
1uno
99%
2dos
98%
3tres
98%
5cinco
92%
8ocho
90%
6seis
88%
7siete
87%
9nueve
87%
4cuatro
85%
10diez
83%
11once
81%
12doce
79%
13trece
77%
15quince
70%
14catorce
69%
0cero
68%
16dieciséis
62%
20veinte
62%
17diecisiete
61%
18dieciocho
61%
19diecinueve
61%
1000mil
58%
100cien
57%
80ochenta
56%
30treinta
55%
40 cuarenta
54%
90noventa
53%
firstprimero
52%
60sesenta
52%
50cincuenta
52%
2000dos mil
52%
70setenta
51%
secondsegundo
48%
100,000cien mil
38%
200doscientos
37%
thirdtercero
35%
1,000,000millón
29%
fourthcuarto
28%
fifthquinto
23%
sixthsexto
22%
seventhséptimo
19%
eighthoctavo
17%
ninthnoveno
17%
tenthdécimo
17%

Score Distribution

Percentile by Number Answered

Percent of People with Each Score

Your Score History

You have not taken this quiz since the last reset